MARC

LEADER 00000nam0a2200000 4500
001 306394
005 20231102001905.0
035 |a (RuTPU)RU\TPU\book\331671 
090 |a 306394 
100 |a 20151007d1983 km y0rusy50 ca 
101 0 |a rus 
102 |a RU 
105 |a y z 001zy 
200 1 |a Советская культура. История и современность  |f Академия наук СССР (АН СССР), Институт истории СССР ; под ред. Б. Б. Пиотровского 
210 |a Москва  |c Наука  |d 1983 
215 |a 431 с. 
320 |a Библиография в ссылках. 
606 1 |a Культура  |x Философские проблемы  |2 stltpush  |3 (RuTPU)RU\TPU\subj\16748  |9 42682 
610 1 |a советская культура 
610 1 |a история 
610 1 |a теория 
610 1 |a современность 
610 1 |a 20 век 
610 1 |a культурологическая мысль 
610 1 |a анализ 
610 1 |a развитие 
610 1 |a международное значение 
610 1 |a культурное строительство 
686 |a Ч11  |v LBC/SL-A  |2 rubbk 
702 1 |a Пиотровский  |b Б. Б.  |4 340 
712 0 2 |a Академия наук СССР (АН СССР)  |b Институт истории СССР  |c (1968-1991)  |c (Москва)  |2 stltpush  |3 (RuTPU)RU\TPU\col\11069 
801 1 |a RU  |b 63413507  |c 20151007 
801 2 |a RU  |b 63413507  |c 20190507  |g RCR 
942 |c BK